Jesús.

Saved in:
Bibliografiske detaljer
Hovedforfatter: Küng, Hans (autor)
Format: Ukendt
Sprog:engelsk
Udgivet: Madrid, España: Trotta, 2014.
Udgivelse:Primera edición.
Serier:Colección Estructuras y Procesos. Serie Religión.
Fag:
Tags: Tilføj Tag
Ingen Tags, Vær først til at tagge denne postø!

MARC

LEADER 00000 a2200000 4500
003 CL-VaPUC
005 20231123122005.0
008 231121t2014 ||||| |||| 00| 0 eng d
999 |c 442409  |d 442407 
020 |a 978-84-9879-505-9 
040 |c Pontificia Universidad Católica de Valparaíso 
082 |2 22  |a 232.908 KUN 2014 
100 |a Küng, Hans  |9 861209  |e autor 
245 |a Jesús. 
250 |a Primera edición.  
260 |a Madrid, España:  |b Trotta,  |c 2014. 
300 |a 215 páginas. 
490 |a Colección Estructuras y Procesos. Serie Religión.  
583 |k GC  |c 20231121 
600 0 |9 313614  |a Jesús  |x Aspectos históricos   |x Cristianismo   |v Análisis crítico  
942 |2 ddc  |c BK 
952 |0 0  |1 0  |2 ddc  |4 0  |6 232_908000000000000_KUN_2014  |7 0  |8 A  |9 592464  |a BIBTEO  |b BIBTEO  |c GEN  |d 2023-11-13  |e 8  |g 17647.00  |i 5659472  |l 2  |o 232.908 KUN 2014  |p 5659472  |r 2025-01-17  |s 2024-12-12  |t 1  |v 17647.00  |w 2023-11-13  |y BK  |k ICR